Normal view
MARC view
Entry Personal Name
001 - CONTROL NUMBER
- control field: 5741
003 - CONTROL NUMBER IDENTIFIER
- control field: ARRUPE
005 - DATE AND TIME OF LATEST TRANSACTION
- control field: 20131216125119.0
008 - FIXED-LENGTH DATA ELEMENTS
- fixed length control field: 131216|| aca||aabn | a|a d
040 ## - CATALOGING SOURCE
- Original cataloging agency: ARRUPE
- Transcribing agency: ARRUPE
100 ## - HEADING--PERSONAL NAME
- Personal name: Kearney, Richard.
670 ## - SOURCE DATA FOUND
- Source citation: Work cat.: (ARRUPE)0: Kearney, Richard., Debates in continental philosophy :, 2004.